Devinez la Capitale Mystère #110 - Statistiques

Statistiques générales
  • Ce quiz a été pris 108 fois
  • Le résultat moyen est 25 sur 35
Statistiques - réponses
Type de Réponse Réponse % Correct
Lettre Trouvée A
100%
Lettre Trouvée E
100%
Lettre de l'Alphabet S
100%
Lettre de l'Alphabet I
99%
Lettre Trouvée N
99%
Lettre de l'Alphabet O
99%
Lettre de l'Alphabet R
99%
Lettre de l'Alphabet B
97%
Lettre de l'Alphabet U
96%
Lettre de l'Alphabet G
94%
Lettre de l'Alphabet P
94%
Lettre de l'Alphabet T
94%
Lettre de l'Alphabet L
93%
Lettre Trouvée D
92%
Lettre Trouvée M
92%
Lettre de l'Alphabet C
88%
Lettre Bien Placée A
83%
Lettre de l'Alphabet K
83%
Lettre de l'Alphabet H
82%
Lettre de l'Alphabet W
72%
Lettre de l'Alphabet V
65%
Lettre Bien Placée E
64%
Lettre Bien Placée A
61%
Lettre de l'Alphabet Y
57%
Lettre Trouvée J
53%
Lettre Bien Placée N
51%
Lettre de l'Alphabet X
51%
Lettre de l'Alphabet Z
43%
Lettre Bien Placée M
40%
Lettre de l'Alphabet F
36%
Lettre Bien Placée N
36%
Lettre de l'Alphabet Q
32%
Lettre Bien Placée D
26%
Lettre Bien Placée J
26%
Capitale Mystère Ndjamena
25%
Aucun quiz correspondant
Distribution des résultats
% des personnes avec chaque résultat
Percentile par nombre de réponses
Votre historique - résultats
Vous n’avez pas pris ce quiz